[Event "DEM U12 2017"]
[Site "Willingen GER"]
[Date "2017.06.05"]
[Round "4"]
[White "Colbow, Collin"]
[Black "Weihrauch, Jakob"]
[Result "1-0"]
[Termination "normal"]
[Board "1"]
[WhiteElo "1968"]
[BlackElo "1965"]
[WhiteClock "01:00:22"]
[BlackClock "00:45:58"]
[PlyCount "33"]
[WhiteFideId "16201132"]
[BlackFideId "16210115"]
[EventCountry "GER"]
[EventRounds "11"]
[EventType "swiss"]
[EventDate "2017.06.03"]

1. e4 c5 2. Nf3 d6 3. d4 cxd4 4. Nxd4 Nf6 5. Nc3 a6 6. f4 g6 7. e5 dxe5 8. fxe5
Ng4 9. e6 f5 10. h3 Nf6 11. Bf4 Bg7 12. Qd3 Nh5 13. Be3 Qc7 14. O-O-O Nf6 15.
Ndb5 axb5 16. Nxb5 Qa5 17. b4 1-0

[Event "DEM U12 2017"]
[Site "Willingen GER"]
[Date "2017.06.05"]
[Round "4"]
[White "Hommer, Jeremy"]
[Black "Krastev, Alexander"]
[Result "0-1"]
[Termination "normal"]
[Board "2"]
[WhiteElo "1899"]
[BlackElo "2180"]
[WhiteClock "00:32:24"]
[BlackClock "00:17:26"]
[PlyCount "120"]
[WhiteFideId "12992577"]
[BlackFideId "12989983"]
[EventCountry "GER"]
[EventRounds "11"]
[EventType "swiss"]
[EventDate "2017.06.03"]

1. d4 Nf6 2. Bf4 e6 3. e3 b6 4. Nd2 Bb7 5. h3 d6 6. Ngf3 Nbd7 7. Be2 Be7 8. O-O
O-O 9. c3 Re8 10. a4 a5 11. Qc2 Bf8 12. Bh2 e5 13. dxe5 Nxe5 14. Nxe5 dxe5 15.
Nf3 Bd6 16. Rfd1 Qe7 17. Rac1 Ne4 18. Nd2 Nc5 19. Bf3 Bxf3 20. Nxf3 Red8 21.
Rd2 f6 22. Rcd1 Qe6 23. Kh1 Qc4 24. Ne1 Qxa4 25. Qxa4 Nxa4 26. Ra1 Nc5 27. Rdd1
Kf7 28. f3 Be7 29. e4 Ke6 30. Kg1 Nb3 31. Rab1 a4 32. Kf2 Rxd1 33. Rxd1 a3 34.
bxa3 Rxa3 35. Ke2 Nc5 36. Rc1 Na4 37. Kd2 Rxc3 38. Ra1 Ra3 39. Rxa3 Bxa3 40.
Nd3 Nc5 41. Bg1 Nxd3 42. Kxd3 Kd6 43. Kc4 Kc6 44. Be3 Bc5 45. Bd2 b5+ 46. Kb3
Kb6 47. g3 Bf2 48. g4 g5 49. Kc3 c5 50. Kc2 c4 51. Kb2 Bd4+ 52. Kc2 Bc5 53. Kb1
b4 54. Kc2 Kb5 55. Kb1 c3 56. Bc1 b3 57. Ka1 Kb4 58. Kb1 c2+ 59. Ka1 Bd4+ 60.
Bb2 c1=Q# 0-1

[Event "DEM U12 2017"]
[Site "Willingen GER"]
[Date "2017.06.05"]
[Round "4"]
[White "Musiolik, David"]
[Black "Bui, Bao Anh Le"]
[Result "1/2-1/2"]
[Termination "normal"]
[Board "3"]
[WhiteElo "1984"]
[BlackElo "1748"]
[WhiteClock "00:16:16"]
[BlackClock "00:23:25"]
[PlyCount "50"]
[WhiteFideId "12972355"]
[BlackFideId "12970719"]
[EventCountry "GER"]
[EventRounds "11"]
[EventType "swiss"]
[EventDate "2017.06.03"]

1. e4 c5 2. Nf3 d6 3. d4 cxd4 4. Nxd4 Nf6 5. Nc3 a6 6. Be2 e5 7. Nb3 Be6 8. O-O
Be7 9. Be3 O-O 10. Kh1 Nbd7 11. Qd2 Rc8 12. Rad1 b5 13. Bf3 Qc7 14. Rc1 Rfd8
15. Rfd1 Nb6 16. Bxb6 Qxb6 17. Qe1 Rd7 18. Nb1 Rdc7 19. c3 a5 20. Rc2 Nd7 21.
Qe3 Qxe3 22. fxe3 a4 23. Nc1 Nb6 24. Na3 Nc4 25. Nxc4 Rxc4 1/2-1/2

[Event "DEM U12 2017"]
[Site "Willingen GER"]
[Date "2017.06.05"]
[Round "4"]
[White "Arakelian, Aik"]
[Black "Tham, Nam"]
[Result "1/2-1/2"]
[Termination "normal"]
[Board "4"]
[WhiteElo "1737"]
[BlackElo "1762"]
[WhiteClock "00:14:33"]
[BlackClock "00:23:06"]
[PlyCount "130"]
[WhiteFideId "16220340"]
[BlackFideId "12997331"]
[EventCountry "GER"]
[EventRounds "11"]
[EventType "swiss"]
[EventDate "2017.06.03"]

1. e4 e5 2. Nf3 Nc6 3. Bb5 a6 4. Bxc6 dxc6 5. Nc3 Bd6 6. d4 Bg4 7. dxe5 Bxf3 8.
Qxf3 Bxe5 9. Bf4 Bxf4 10. Qxf4 Qd6 11. Qe3 Ne7 12. O-O O-O 13. a3 Rfd8 14. Rad1
Qe6 15. Rxd8+ Rxd8 16. Qa7 Qc8 17. Qc5 Qe6 18. Qa7 Qc8 19. Qe3 Qe6 20. Qf4 Qd6
21. Qf3 Ng6 22. Rd1 Qe7 23. Rxd8+ Qxd8 24. Kf1 Kf8 25. Ke2 Ke7 26. Qe3 b6 27.
g3 f6 28. f4 Qd7 29. Qf2 h5 30. Qg2 Qg4+ 31. Ke3 Qd7 32. h3 Qd6 33. Qf3 Qc5+
34. Kd3 Kf7 35. g4 Qd6+ 36. Ke3 Qc5+ 37. Ke2 hxg4 38. hxg4 Qd6 39. e5 Qe6 40.
Ne4 Qc4+ 41. Ke3 Qxc2 42. Nc3 Qxb2 43. Qxc6 Qc1+ 44. Kf2 Qxf4+ 45. Ke1 Qc1+ 46.
Kf2 Qd2+ 47. Kf1 Qf4+ 48. Ke1 Qxe5+ 49. Kf1 Qe7 50. Qc4+ Kf8 51. Qxa6 Ne5 52.
Qc8+ Kf7 53. Nd5 Qc5 54. Nxc7 Qc1+ 55. Ke2 Qc2+ 56. Kf1 Qd1+ 57. Kf2 Qd2+ 58.
Kf1 Qf4+ 59. Ke1 Qg3+ 60. Kf1 Qh3+ 61. Ke1 Qh1+ 62. Kf2 Qh2+ 63. Kf1 Qf4+ 64.
Ke1 Qe3+ 65. Kf1 Qd3+ 1/2-1/2

[Event "DEM U12 2017"]
[Site "Willingen GER"]
[Date "2017.06.05"]
[Round "4"]
[White "Wang, Xinyuan"]
[Black "Lutz, Ruben"]
[Result "0-1"]
[Termination "normal"]
[Board "5"]
[WhiteElo "1673"]
[BlackElo "1893"]
[WhiteClock "00:42:41"]
[BlackClock "00:47:45"]
[PlyCount "116"]
[WhiteFideId "16221494"]
[BlackFideId "12975974"]
[EventCountry "GER"]
[EventRounds "11"]
[EventType "swiss"]
[EventDate "2017.06.03"]

1. d4 d5 2. c4 e6 3. Nc3 Nf6 4. cxd5 exd5 5. Bg5 Nbd7 6. e3 Be7 7. Bd3 O-O 8.
Nge2 Re8 9. O-O Nf8 10. Rc1 c6 11. Bh4 Be6 12. f3 Rc8 13. Bf2 Ng6 14. e4 dxe4
15. fxe4 Ng4 16. d5 Nxf2 17. Rxf2 cxd5 18. exd5 Bg4 19. Ne4 Qxd5 20. Rxc8 Rxc8
21. N2c3 Qxe4 22. Bxe4 Bxd1 23. Nxd1 Bc5 24. Bxb7 Rd8 25. Bf3 Ne5 26. Be2 Rxd1+
27. Bxd1 Nd3 28. Kf1 Nxf2 29. Bc2 Ng4 30. Bb3 Nxh2+ 31. Ke2 Ng4 32. Kf3 Nf6 33.
g4 h5 34. gxh5 Nxh5 35. Bc4 g6 36. a3 a5 37. b4 axb4 38. axb4 Bxb4 39. Kg4 Kg7
40. Bd3 Nf6+ 41. Kg5 Bd2+ 42. Kh4 g5+ 43. Kg3 Nd7 44. Bf5 Ne5 45. Be4 Kf6 46.
Ba8 Kg6 47. Be4+ f5 48. Bc2 Kf6 49. Bd1 f4+ 50. Kf2 g4 51. Kg2 Kg5 52. Kf2 f3
53. Kg3 Be1+ 54. Kh2 Kf4 55. Kg1 g3 56. Kf1 g2+ 57. Kg1 Kg3 58. Bxf3 Nxf3# 0-1

[Event "DEM U12 2017"]
[Site "Willingen GER"]
[Date "2017.06.05"]
[Round "4"]
[White "Milare, Tyron"]
[Black "Pubantz, Jan"]
[Result "0-1"]
[Termination "normal"]
[Board "6"]
[WhiteElo "1780"]
[BlackElo "1999"]
[WhiteClock "00:19:14"]
[BlackClock "00:09:06"]
[PlyCount "94"]
[WhiteFideId "12987018"]
[BlackFideId "12996114"]
[EventCountry "GER"]
[EventRounds "11"]
[EventType "swiss"]
[EventDate "2017.06.03"]

1. Nf3 d5 2. d4 Nf6 3. c4 c6 4. e3 e6 5. Nc3 Nbd7 6. Bd3 dxc4 7. Bxc4 b5 8. Bd3
a6 9. O-O c5 10. Ne4 Bb7 11. Nxf6+ Nxf6 12. b3 cxd4 13. exd4 Qd5 14. Bg5 Be7
15. Re1 O-O 16. Rc1 Rac8 17. Rxc8 Rxc8 18. Bxf6 Bxf6 19. Be4 Qd7 20. Qd3 Bxe4
21. Qxe4 Rd8 22. Rd1 h6 23. h3 Qc7 24. Qd3 Rd5 25. a4 Qd7 26. axb5 axb5 27. Ra1
g6 28. Ra8+ Kg7 29. Rb8 e5 30. Ne1 exd4 31. Nf3 Rc5 32. Qd2 Rc3 33. Ra8 Rxb3
34. Ra1 Rc3 35. Rd1 Rc4 36. Ne1 b4 37. Nc2 b3 38. Na3 Ra4 39. Qb2 Qd6 40. Nb1
Qb6 41. Nd2 Rb4 42. Ne4 Be5 43. Rd3 Qa6 44. Nc5 Qa2 45. Rd2 Qxb2 46. Rxb2 d3
47. Rxb3 d2 0-1

[Event "DEM U12 2017"]
[Site "Willingen GER"]
[Date "2017.06.05"]
[Round "4"]
[White "Mailitis, Ricardo"]
[Black "Evering, Sören"]
[Result "0-1"]
[Termination "normal"]
[Board "7"]
[WhiteElo "1633"]
[BlackElo "1718"]
[WhiteClock "01:00:14"]
[BlackClock "00:48:21"]
[PlyCount "46"]
[WhiteFideId "12977535"]
[BlackFideId "12974650"]
[EventCountry "GER"]
[EventRounds "11"]
[EventType "swiss"]
[EventDate "2017.06.03"]

1. e4 e5 2. Nf3 Nc6 3. Bc4 Nf6 4. d3 Be7 5. c3 O-O 6. Bb3 d5 7. Qe2 Bg4 8. h3
Bh5 9. g4 Bg6 10. exd5 Nxd5 11. Nxe5 Nxe5 12. Qxe5 Nb6 13. d4 Bd6 14. Qe2 Re8
15. Be3 Be4 16. f3 Bxb1 17. Rxb1 Bf4 18. Bxf4 Qh4+ 19. Kd1 Rxe2 20. Kxe2 Re8+
21. Kf1 Qf6 22. Bg3 Qxf3+ 23. Bf2 Qxh1+ 0-1

[Event "DEM U12 2017"]
[Site "Willingen GER"]
[Date "2017.06.05"]
[Round "4"]
[White "Lauterbach, Kolja"]
[Black "Lohvinov, Petro"]
[Result "0-1"]
[Termination "normal"]
[Board "8"]
[WhiteElo "1358"]
[BlackElo "1823"]
[WhiteClock "00:38:38"]
[BlackClock "00:35:55"]
[PlyCount "122"]
[WhiteFideId "16235916"]
[BlackFideId "14176661"]
[EventCountry "GER"]
[EventRounds "11"]
[EventType "swiss"]
[EventDate "2017.06.03"]

1. e4 c5 2. c3 Nf6 3. e5 Nd5 4. d4 cxd4 5. cxd4 e6 6. Nc3 d6 7. Nxd5 exd5 8. f4
dxe5 9. dxe5 Nc6 10. Nf3 Be6 11. Bd3 Qd7 12. O-O Bc5+ 13. Kh1 Bg4 14. a3 Bb6
15. Qe1 O-O 16. Be3 d4 17. Bd2 Rfe8 18. Qh4 Bf5 19. Bxf5 Qxf5 20. Qg5 Qxg5 21.
Nxg5 h6 22. Nf3 Rac8 23. Rac1 Ne7 24. Bb4 Nd5 25. Bd6 Nxf4 26. g3 Ne6 27. Rfd1
Red8 28. Kg2 Bc5 29. Bxc5 Rxc5 30. Rxc5 Nxc5 31. Rxd4 Rxd4 32. Nxd4 Nd3 33. Nb5
Nxb2 34. Nxa7 Nc4 35. Nb5 Nxe5 36. Kf2 Kf8 37. h3 Ke7 38. Ke3 Nc6 39. Nc7 Kd7
40. Nb5 Ke6 41. Nd4+ Nxd4 42. Kxd4 Kd6 43. Kc4 Kc6 44. a4 b6 45. Kd4 f6 46. g4
g6 47. h4 Kd6 48. Kc4 f5 49. gxf5 gxf5 50. Kd4 Ke6 51. Ke3 Ke5 52. Kf3 f4 53.
Kf2 Ke4 54. Ke2 f3+ 55. Kf2 Kf4 56. h5 Kg4 57. Kg1 Kxh5 58. Kf2 Kg4 59. Kf1 Kg3
60. Kg1 f2+ 61. Kf1 h5 0-1

[Event "DEM U12 2017"]
[Site "Willingen GER"]
[Date "2017.06.05"]
[Round "4"]
[White "Gallasch, Jonas"]
[Black "Danninger, Jannik"]
[Result "1-0"]
[Termination "normal"]
[Board "9"]
[WhiteElo "1813"]
[BlackElo "1642"]
[WhiteClock "00:43:53"]
[BlackClock "01:06:45"]
[PlyCount "41"]
[WhiteFideId "16222474"]
[BlackFideId "16226402"]
[EventCountry "GER"]
[EventRounds "11"]
[EventType "swiss"]
[EventDate "2017.06.03"]

1. Nf3 d5 2. c4 d4 3. e3 c5 4. b4 e6 5. Bb2 dxe3 6. fxe3 Nc6 7. bxc5 Bxc5 8.
Bxg7 e5 9. Nc3 Bg4 10. Bxh8 Bxf3 11. Qxf3 Nb4 12. Rc1 Qd7 13. Bxe5 Rd8 14. Nd5
Nxa2 15. Rc2 Nb4 16. Nxb4 Bxb4 17. Qd1 a5 18. Be2 Qf5 19. Bf4 Nf6 20. O-O Ne4
21. Bc7 1-0

[Event "DEM U12 2017"]
[Site "Willingen GER"]
[Date "2017.06.05"]
[Round "4"]
[White "Zeuner, Ole"]
[Black "Morgenstern, Tobias"]
[Result "0-1"]
[Termination "normal"]
[Board "10"]
[WhiteElo "1764"]
[BlackElo "1418"]
[WhiteClock "00:29:05"]
[BlackClock "00:37:44"]
[PlyCount "52"]
[WhiteFideId "12943576"]
[BlackFideId "12974390"]
[EventCountry "GER"]
[EventRounds "11"]
[EventType "swiss"]
[EventDate "2017.06.03"]

1. e4 e5 2. Nf3 Nc6 3. Bc4 Bc5 4. c3 Nf6 5. d4 exd4 6. cxd4 Bb4+ 7. Nc3 Nxe4 8.
O-O Bxc3 9. d5 Bf6 10. Re1 Ne7 11. Rxe4 d6 12. g4 h6 13. h4 Kf8 14. g5 hxg5 15.
hxg5 Be5 16. Nxe5 dxe5 17. Rxe5 Ng6 18. Re1 Qd6 19. Qd4 Rh4 20. f4 Nxf4 21. Qe3
Nh3+ 22. Kg2 Bd7 23. Be2 Nf4+ 24. Kf2 Qxd5 25. Bf3 Qxg5 26. b3 Rh2+ 0-1

[Event "DEM U12 2017"]
[Site "Willingen GER"]
[Date "2017.06.05"]
[Round "4"]
[White "Mainka, Alwin"]
[Black "Röhr, Oliver"]
[Result "0-1"]
[Termination "normal"]
[Board "11"]
[WhiteElo "1579"]
[BlackElo "1706"]
[WhiteClock "00:56:21"]
[BlackClock "00:19:02"]
[PlyCount "76"]
[WhiteFideId "16241177"]
[BlackFideId "12987697"]
[EventCountry "GER"]
[EventRounds "11"]
[EventType "swiss"]
[EventDate "2017.06.03"]

1. e4 e5 2. Nf3 Nc6 3. Bb5 a6 4. Ba4 Nf6 5. O-O b5 6. Bb3 Bc5 7. c3 d6 8. d4
Bb6 9. Re1 O-O 10. h3 h6 11. Bc2 Ne7 12. Nbd2 Ng6 13. Nf1 Be6 14. Ng3 c5 15. d5
Bd7 16. Nf5 c4 17. g4 Bc5 18. Kg2 Re8 19. Rg1 a5 20. Be3 Qb6 21. Qd2 b4 22. Kh2
Nh7 23. Kg3 Nf4 24. h4 bxc3 25. bxc3 Rab8 26. Rgb1 Qa7 27. Nxd6 Red8 28. Nxc4
Bxg4 29. Ncxe5 Bxf3 30. Bxf4 Bh5 31. Nc6 Rxb1 32. Rxb1 Qd7 33. Bd1 Nf6 34. Nxd8
Nxe4+ 35. Kh2 Nxd2 36. Rb8 Bd6 37. Ba4 Bxf4+ 38. Kg1 Qg4+ 0-1

[Event "DEM U12 2017"]
[Site "Willingen GER"]
[Date "2017.06.05"]
[Round "4"]
[White "Lutz, Adam"]
[Black "Rössel, Gino"]
[Result "1/2-1/2"]
[Termination "normal"]
[Board "12"]
[WhiteElo "1787"]
[BlackElo "1714"]
[WhiteClock "00:56:15"]
[BlackClock "00:34:32"]
[PlyCount "43"]
[WhiteFideId "16226615"]
[BlackFideId "16203070"]
[EventCountry "GER"]
[EventRounds "11"]
[EventType "swiss"]
[EventDate "2017.06.03"]

1. e4 c5 2. Nf3 d6 3. d4 cxd4 4. Nxd4 Nf6 5. Nc3 a6 6. Be3 e5 7. Nb3 Be7 8. Be2
Be6 9. Qd2 Nc6 10. O-O O-O 11. Rad1 Qc7 12. Kh1 Rad8 13. f4 d5 14. exd5 Nxd5
15. Nxd5 Bxd5 16. Qe1 Nb4 17. c4 Nc2 18. Qc3 Nxe3 19. Qxe3 exf4 20. Qxf4 Qxf4
21. Rxf4 Bc6 22. Rfd4 1/2-1/2

[Event "DEM U12 2017"]
[Site "Willingen GER"]
[Date "2017.06.05"]
[Round "4"]
[White "Schauties, Nico Antonio"]
[Black "Laux, Dominik"]
[Result "0-1"]
[Termination "normal"]
[Board "13"]
[WhiteElo "1711"]
[BlackElo "1759"]
[PlyCount "96"]
[WhiteFideId "16206371"]
[BlackFideId "12994219"]
[EventCountry "GER"]
[EventRounds "11"]
[EventType "swiss"]
[EventDate "2017.06.03"]

1. d4 d5 2. c4 c6 3. Nf3 Nf6 4. Nc3 e6 5. e3 Nbd7 6. Bd3 dxc4 7. Bxc4 b5 8. Bd3
a6 9. O-O c5 10. a4 b4 11. Ne4 Bb7 12. Nxf6+ Nxf6 13. dxc5 Bxc5 14. Qe2 O-O 15.
e4 Qc7 16. Bg5 Nd7 17. Rac1 Rac8 18. Nd2 Qa5 19. Nb3 Bxf2+ 20. Qxf2 Qxg5 21.
Rcd1 Nc5 22. Nxc5 Qxc5 23. Rc1 Qxf2+ 24. Kxf2 a5 25. Ke3 g6 26. Bc4 Rc7 27. Rc2
Rfc8 28. Rfc1 Kf8 29. Bb3 Rxc2 30. Rxc2 Rxc2 31. Bxc2 e5 32. Kd3 Ba6+ 33. Ke3
h5 34. Bb3 Ke7 35. Bd5 f5 36. Bc6 Bc4 37. Kd2 h4 38. Ke3 Be6 39. g3 hxg3 40.
hxg3 Bd7 41. Bd5 Bxa4 42. Bc4 Bd7 43. exf5 gxf5 44. Kd2 Kf6 45. Be2 Kg5 46. Ke3
a4 47. Bc4 a3 48. bxa3 bxa3 0-1

[Event "DEM U12 2017"]
[Site "Willingen GER"]
[Date "2017.06.05"]
[Round "4"]
[White "Eilenberg, Jonas"]
[Black "Breß, Aaron"]
[Result "1/2-1/2"]
[Termination "normal"]
[Board "14"]
[WhiteElo "1650"]
[BlackElo "1745"]
[PlyCount "103"]
[WhiteFideId "16204271"]
[BlackFideId "12996432"]
[EventCountry "GER"]
[EventRounds "11"]
[EventType "swiss"]
[EventDate "2017.06.03"]

1. d4 Nf6 2. c4 g6 3. Nc3 d5 4. cxd5 Nxd5 5. e4 Nxc3 6. bxc3 Bg7 7. Qa4+ Bd7 8.
Qa3 O-O 9. Nf3 c6 10. Be2 Be6 11. O-O Nd7 12. Be3 Nb6 13. Qc1 Bc4 14. Bxc4 Nxc4
15. Bh6 Qa5 16. Bxg7 Kxg7 17. Ne1 Nd6 18. Qc2 Rfd8 19. f4 c5 20. f5 cxd4 21.
fxg6 hxg6 22. cxd4 Rac8 23. Qe2 Qa4 24. Qf2 Qc4 25. Qe3 Qe6 26. Rf4 Nf5 27. Qf2
Nxd4 28. h4 Rc5 29. Rd1 Qc4 30. Kh1 Ra5 31. e5 Rxa2 32. Rdxd4 Rxd4 33. Qxd4 Qe2
34. e6+ f6 35. Qe4 Qxe4 36. Rxe4 f5 37. Re3 Ra4 38. g3 Re4 39. Rxe4 fxe4 40.
Kg2 Kf6 41. Kf2 Kxe6 42. Ke3 Kf5 43. Nc2 Kg4 44. Kf2 Kf5 45. Ne3+ Ke6 46. Ke2
Ke5 47. Kd2 b5 48. Kc3 a5 49. Ng4+ Kd5 50. Ne3+ Ke5 51. Ng4+ Kd5 52. Ne3+
1/2-1/2

[Event "DEM U12 2017"]
[Site "Willingen GER"]
[Date "2017.06.05"]
[Round "4"]
[White "Frank, Marek"]
[Black "Schubert, Nikita"]
[Result "1/2-1/2"]
[Termination "normal"]
[Board "15"]
[WhiteElo "1639"]
[BlackElo "1788"]
[PlyCount "85"]
[WhiteFideId "16239520"]
[BlackFideId "16212339"]
[EventCountry "GER"]
[EventRounds "11"]
[EventType "swiss"]
[EventDate "2017.06.03"]

1. c4 Nf6 2. g3 e6 3. Bg2 d5 4. Nf3 Be7 5. O-O O-O 6. b3 d4 7. e3 c5 8. exd4
cxd4 9. d3 Nc6 10. Re1 Ne8 11. a3 a5 12. Bb2 f6 13. Nbd2 e5 14. Qc2 Nc7 15.
Rab1 Na6 16. Bc1 Qc7 17. Qd1 Bf5 18. Ne4 h6 19. Nh4 Bh7 20. Qh5 Nc5 21. Ng6
Bxg6 22. Qxg6 Ne6 23. Bxh6 Bxa3 24. Bh3 Ncd8 25. Ng5 Nxg5 26. Bxg5 fxg5 27. Bf5
Rf6 28. Qe8+ Bf8 29. Be4 Qe7 30. Bd5+ Kh7 31. Qxe7 Bxe7 32. Rxe5 Bd6 33. Rxg5
Nf7 34. Bxf7 Rxf7 35. Rd5 Bc7 36. Re1 Rd8 37. Rb5 b6 38. f4 Rdd7 39. Re8 g6 40.
Re4 Kg7 41. Kf2 Kf6 42. Kf3 Rh7 43. h4 1/2-1/2

[Event "DEM U12 2017"]
[Site "Willingen GER"]
[Date "2017.06.05"]
[Round "4"]
[White "Kosev, Momchil"]
[Black "Müller, Magnus"]
[Result "1-0"]
[Termination "normal"]
[Board "16"]
[WhiteElo "1757"]
[BlackElo "1599"]
[PlyCount "199"]
[WhiteFideId "12975982"]
[BlackFideId "16230060"]
[EventCountry "GER"]
[EventRounds "11"]
[EventType "swiss"]
[EventDate "2017.06.03"]

1. Nf3 Nf6 2. d4 e6 3. g3 b5 4. Bg2 Bb7 5. O-O c5 6. b3 Be7 7. Bb2 O-O 8. Nbd2
Na6 9. c4 bxc4 10. Nxc4 d5 11. Na5 Rc8 12. Rc1 Ne4 13. Qd3 Nb4 14. Qb1 Ba6 15.
a3 Nc6 16. Nxc6 Rxc6 17. Rfe1 f5 18. dxc5 Rxc5 19. e3 Rxc1 20. Rxc1 Nc5 21. Bd4
Ne4 22. b4 Be2 23. Qc2 Bxf3 24. Bxf3 a5 25. Bxe4 fxe4 26. Qc7 axb4 27. axb4
Qxc7 28. Rxc7 Bf6 29. Bxf6 gxf6 30. Re7 e5 31. Rd7 Rb8 32. Rxd5 Rxb4 33. Rd7
Rb8 34. Kg2 Rf8 35. g4 Rf7 36. Rd6 Kg7 37. Ra6 h5 38. Ra4 hxg4 39. Rxe4 f5 40.
Rxe5 Kf6 41. Ra5 Rh7 42. Rb5 Rh8 43. Ra5 Rh7 44. Ra8 Rh5 45. Rf8+ Ke7 46. Ra8
Kf6 47. Ra5 Rh7 48. Ra4 Ke5 49. Rf4 Rh5 50. Ra4 Rh7 51. Rb4 Rh8 52. Ra4 Rh7 53.
Ra8 Kf6 54. Rf8+ Ke6 55. e4 fxe4 56. Rf4 Rh4 57. Rxe4+ Kf5 58. Ra4 Rh3 59. Ra8
Kg5 60. Re8 Kf4 61. Re3 Rh5 62. Rg3 Rh4 63. Ra3 Rh6 64. Ra8 Rh3 65. Rf8+ Ke4
66. Rf7 Ra3 67. Re7+ Kf4 68. Re3 Ra6 69. Rb3 Rh6 70. Rb8 Rh3 71. Rf8+ Ke4 72.
Rf7 Ra3 73. Rh7 Rb3 74. Rh4 Kf4 75. Rh8 Ra3 76. Rh7 Rb3 77. Ra7 Rh3 78. Ra4+
Kf5 79. Ra5+ Kf4 80. Ra8 Rb3 81. Rf8+ Ke4 82. Rf7 Ra3 83. Re7+ Kf4 84. Re3 Ra6
85. h3 gxh3+ 86. Rxh3 Rg6+ 87. Kf1 Re6 88. Rg3 Re5 89. Kg2 Rh5 90. Rg8 Rf5 91.
Rg7 Ke4 92. Rg4+ Kd3 93. Kg3 Ke2 94. Re4+ Kd3 95. Re8 Kd4 96. f4 Kd5 97. Kg4
Rf6 98. Kg5 Ra6 99. f5 Kd6 100. Re6+ 1-0

[Event "DEM U12 2017"]
[Site "Willingen GER"]
[Date "2017.06.05"]
[Round "4"]
[White "Sinnhöfer, Joshua"]
[Black "Stockmann, Till"]
[Result "0-1"]
[Termination "normal"]
[Board "17"]
[WhiteElo "1540"]
[BlackElo "1724"]
[PlyCount "80"]
[WhiteFideId "16201361"]
[BlackFideId "12979341"]
[EventCountry "GER"]
[EventRounds "11"]
[EventType "swiss"]
[EventDate "2017.06.03"]

1. e4 c5 2. Nf3 Nc6 3. d4 cxd4 4. Nxd4 g6 5. Nc3 Bg7 6. Be3 Nf6 7. Bb5 O-O 8.
f4 Nxd4 9. Bxd4 d6 10. Qd2 a6 11. Be2 b5 12. O-O-O b4 13. Bxf6 Bxf6 14. Nd5 Bg7
15. Nxb4 Rb8 16. c3 Qb6 17. Nd5 Qb7 18. Bf3 Be6 19. e5 Bxd5 20. Bxd5 Qb6 21.
exd6 Qxd6 22. Qf2 e6 23. Bb3 Qc6 24. h4 a5 25. Qc2 Rfc8 26. h5 Rb6 27. hxg6
hxg6 28. g4 Qc7 29. Rdf1 Rcb8 30. f5 a4 31. fxg6 axb3 32. gxf7+ Kf8 33. axb3
Ra6 34. Qh7 Qe5 35. Qg8+ Ke7 36. f8=Q+ Rxf8 37. Rxf8 Qe3+ 38. Kc2 Qe2+ 39. Kb1
Qd3+ 40. Kc1 Ra1# 0-1

[Event "DEM U12 2017"]
[Site "Willingen GER"]
[Date "2017.06.05"]
[Round "4"]
[White "Simukov, Erik"]
[Black "Chassard, Cedric"]
[Result "1-0"]
[Termination "normal"]
[Board "18"]
[WhiteElo "1719"]
[BlackElo "1290"]
[PlyCount "157"]
[WhiteFideId "12995380"]
[BlackFideId "16243536"]
[EventCountry "GER"]
[EventRounds "11"]
[EventType "swiss"]
[EventDate "2017.06.03"]

1. e4 e5 2. Nf3 Nc6 3. Bb5 a6 4. Ba4 Bc5 5. O-O b5 6. Bb3 d6 7. c3 Bg4 8. d3
Nf6 9. Nbd2 O-O 10. Re1 Nh5 11. h3 Bd7 12. Nf1 Qf6 13. Be3 Ba7 14. Qd2 h6 15.
N1h2 Qe7 16. Rad1 Nf6 17. Kh1 Rfe8 18. Ng1 Bc8 19. Ne2 Bb7 20. Rf1 Na5 21. Bc2
Nc6 22. f4 Rf8 23. f5 Bxe3 24. Qxe3 d5 25. Qf3 Rad8 26. Ng4 Nxg4 27. Qxg4 Qg5
28. Qf3 Ne7 29. Ng3 Kh8 30. f6 Qxf6 31. Qxf6 gxf6 32. Rxf6 Ng6 33. Rf5 f6 34.
Rdf1 dxe4 35. Nxe4 Bxe4 36. dxe4 Rd2 37. Bb3 Rd6 38. Rxe5 Kg7 39. Ref5 Ne7 40.
R5f2 c5 41. e5 Rc6 42. exf6+ Rcxf6 43. Rxf6 Rxf6 44. Rxf6 Kxf6 45. Kg1 Nf5 46.
Kf2 Nd6 47. Kf3 Nf5 48. Bc2 Nd6 49. Bd3 Nf7 50. Kf4 Nd8 51. Bf5 Nf7 52. h4 Nd6
53. Bd3 Nf7 54. g4 Ke6 55. g5 hxg5+ 56. hxg5 Ne5 57. Bf5+ Kd6 58. g6 Nxg6+ 59.
Bxg6 Kd5 60. Bf7+ Kc6 61. Ke4 b4 62. cxb4 cxb4 63. Kd4 Kb5 64. Be8+ Ka5 65. Kc4
b3 66. Kxb3 Kb6 67. Kb4 Kb7 68. Ka5 Ka8 69. Kxa6 Kb8 70. b4 Ka8 71. a4 Kb8 72.
a5 Ka8 73. Kb6 Kb8 74. Bd7 Ka8 75. Kc7 Ka7 76. b5 Ka8 77. Bc8 Ka7 78. b6+ Ka8
79. Bb7# 1-0

[Event "DEM U12 2017"]
[Site "Willingen GER"]
[Date "2017.06.05"]
[Round "4"]
[White "Stepanov, Maximilian"]
[Black "Bethke, Richard"]
[Result "0-1"]
[Termination "normal"]
[Board "19"]
[WhiteElo "1609"]
[BlackElo "2223"]
[PlyCount "110"]
[WhiteFideId "16244680"]
[BlackFideId "12959243"]
[EventCountry "GER"]
[EventRounds "11"]
[EventType "swiss"]
[EventDate "2017.06.03"]

1. d4 Nf6 2. g3 d5 3. Bg2 e6 4. Nf3 Nbd7 5. Bg5 h6 6. Bxf6 Qxf6 7. c3 b6 8.
Nbd2 Bb7 9. Qc2 c5 10. e3 Rc8 11. Qa4 Bc6 12. Qd1 Be7 13. O-O O-O 14. Re1 Qf5
15. Qb1 Qxb1 16. Raxb1 f5 17. Kh1 c4 18. Ng1 b5 19. f4 b4 20. Ngf3 g5 21. Re2
Rb8 22. Ne5 Nxe5 23. fxe5 bxc3 24. bxc3 Rxb1+ 25. Nxb1 Rb8 26. Nd2 Rb2 27. Bf1
Rxa2 28. Nf3 Rxe2 29. Bxe2 Ba4 30. Nd2 a5 31. Kg1 Bc2 32. Nxc4 dxc4 33. Bxc4
Kf7 34. Kf2 a4 35. Ke2 Bb3 36. Bxb3 axb3 37. Kd2 g4 38. Kc1 Bg5 39. Kb2 Bxe3
40. Kxb3 f4 41. gxf4 Bxf4 42. c4 Bxh2 43. c5 g3 44. c6 Ke7 45. c7 Kd7 46. c8=Q+
Kxc8 47. d5 g2 48. dxe6 g1=Q 49. e7 Qg8+ 50. Kc3 Bxe5+ 51. Kd3 Qd5+ 52. Ke2
Qe4+ 53. Kd2 Bf4+ 54. Kd1 Qd3+ 55. Ke1 Bg3# 0-1

[Event "DEM U12 2017"]
[Site "Willingen GER"]
[Date "2017.06.05"]
[Round "4"]
[White "Stillbauer, Jan"]
[Black "Joppich, Til"]
[Result "0-1"]
[Termination "normal"]
[Board "20"]
[WhiteElo "1658"]
[BlackElo "1661"]
[PlyCount "104"]
[WhiteFideId "16239393"]
[BlackFideId "16232917"]
[EventCountry "GER"]
[EventRounds "11"]
[EventType "swiss"]
[EventDate "2017.06.03"]

1. e4 e5 2. Nf3 Nc6 3. Bb5 a6 4. Ba4 Nf6 5. O-O Nxe4 6. d4 b5 7. Bb3 d5 8. dxe5
Be6 9. c3 Bc5 10. Bc2 O-O 11. Nbd2 Nxf2 12. Rxf2 f6 13. exf6 Bxf2+ 14. Kxf2
Qxf6 15. Nf1 Ne5 16. Kg1 Nxf3+ 17. Qxf3 Qxf3 18. gxf3 Rxf3 19. Bg5 Raf8 20. Bh4
Bh3 21. Nd2 R3f7 22. a4 h5 23. axb5 axb5 24. Bd3 g5 25. Be1 c5 26. Be2 h4 27.
Rb1 c4 28. Ra1 Kh8 29. Rb1 Rf4 30. Ra1 R4f6 31. Rb1 Ra6 32. Nf3 Raf6 33. Nd2
Rf4 34. Ra1 Kg8 35. Rb1 Ra8 36. Bf3 Rd8 37. Rd1 Bg4 38. Kg2 Bxf3+ 39. Nxf3 Re8
40. h3 Re2+ 41. Bf2 Rxb2 42. Rxd5 g4 43. Rg5+ Kf7 44. Rxg4 Rxg4+ 45. hxg4 h3+
46. Kg3 b4 47. cxb4 c3 48. Nd4 c2 49. Be3 h2 50. Kxh2 c1=Q+ 51. Kh3 Qxe3+ 52.
Kh4 Rh2# 0-1